| 000 | 01150nam a2200313 c 4500 | ||
|---|---|---|---|
| 003 | BLK | ||
| 005 | 20190703121132.0 | ||
| 008 | 180410b bul|||||r ||||||| ||bul|| | ||
| 010 | _aKNG00164957000 | ||
| 040 | _aBLK | ||
| 041 |
_aBUL _cBUL |
||
| 080 |
_a _b793.4/.7 _x(035) _z793.4/.7(035) |
||
| 100 | 1 |
_aЖивкова, Христина _eпърви автор _9365965 |
|
| 139 |
_aЖивкова, Христина _bЖ 48 |
||
| 245 | 1 | 0 |
_aЗабавни игри _bСправ. _cХристина Живкова. |
| 257 | _aBGR | ||
| 260 |
_аСофия _bД-р Петър Берон _c1984 _fСофия : печ. Г. Димитров |
||
| 300 |
_a144 с. _bс ил. _c16 см |
||
| 380 | _a79 | ||
| 500 | _aАвт. не е отбелязан на кор. - 25 110 тир. | ||
| 650 | 4 |
_aДетски игри - енциклопедии и справочници _9333959 |
|
| 653 | _aдетски игри | ||
| 653 | _aсправочници | ||
| 852 | _aЦб І 21237 | ||
| 856 | 4 |
_qpdf _u |
|
| 856 | 4 |
_qpdf _u |
|
| 942 |
_cKNG _n0 _03 |
||
| 944 |
_aCR _c17.09.2014 _lф / _kВиолета_Тройчева |
||
| 944 |
_aED _c18.10.2016 _lф / _kНаталия_Любомирова |
||
| 999 |
_c157991 _d157991 |
||